Introduction to Automata Theory, Languages, & Computation (Record no. 3777)
[ view plain ]
| 000 -LEADER | |
|---|---|
| fixed length control field | 00418nam a2200145Ia 4500 |
| 008 - FIXED-LENGTH DATA ELEMENTS--GENERAL INFORMATION | |
| fixed length control field | 221030s9999 xx 000 0 und d |
| 020 ## - INTERNATIONAL STANDARD BOOK NUMBER | |
| ISBN | 0074624563 |
| 082 ## - DEWEY DECIMAL CLASSIFICATION NUMBER | |
| Classification number | 105.23 |
| 100 ## - MAIN ENTRY--AUTHOR NAME | |
| Personal name | J. E. Hopcroft |
| 245 #0 - TITLE STATEMENT | |
| Title | Introduction to Automata Theory, Languages, & Computation |
| Statement of responsibility, etc | by J. E. Hopcroft, J. D. Ullman |
| 260 ## - PUBLICATION, DISTRIBUTION, ETC. (IMPRINT) | |
| Name of publisher | Narosa Publishing House |
| Place of publication | New Delhi |
| Year of publication | 2002 |
| 300 ## - PHYSICAL DESCRIPTION | |
| Number of Pages | 418 |
| 650 ## - SUBJECT ADDED ENTRY--TOPICAL TERM | |
| Topical Term | BB CSE |
| 942 ## - ADDED ENTRY ELEMENTS (KOHA) | |
| Koha item type | Books |
| Source of classification or shelving scheme | Dewey Decimal Classification |
| Accession Number | Cost, normal purchase price | Full call number | Price effective from | Koha item type | Withdrawn / writtenoff status | Materials specified (bound volume or other part) | Damaged status | Not for loan | Permanent Location | Current Location | Shelving location | Date acquired | Lost/ Missing status | department |
|---|---|---|---|---|---|---|---|---|---|---|---|---|---|---|
| BB 107 | 260.00 | 105.23 | 10/30/2022 | Books | MIET Library, Jammu | MIET Library, Jammu | BL-Second, FL-1, CUP-103, SH-2, R-2 | 05/02/2007 | BB | |||||
| BB 108 | 260.00 | 105.23 | 10/30/2022 | Books | MIET Library, Jammu | MIET Library, Jammu | BL-Second, FL-1, CUP-103, SH-2, R-2 | 05/02/2007 | BB | |||||
| BB 109 | 260.00 | 105.23 | 10/30/2022 | Books | MIET Library, Jammu | MIET Library, Jammu | BL-Second, FL-1, CUP-103, SH-2, R-2 | 05/02/2007 | BB | |||||
| BB 110 | 260.00 | 105.23 | 10/30/2022 | Books | MIET Library, Jammu | MIET Library, Jammu | BL-Second, FL-1, CUP-103, SH-2, R-2 | 05/02/2007 | BB | |||||
| BB 111 | 260.00 | 105.23 | 10/30/2022 | Books | MIET Library, Jammu | MIET Library, Jammu | BL-Second, FL-1, CUP-103, SH-2, R-2 | 05/02/2007 | BB | |||||
| BB 112 | 260.00 | 105.23 | 10/30/2022 | Books | MIET Library, Jammu | MIET Library, Jammu | BL-Second, FL-1, CUP-103, SH-2, R-2 | 05/02/2007 | BB | |||||
| BB 113 | 260.00 | 105.23 | 10/30/2022 | Books | MIET Library, Jammu | MIET Library, Jammu | BL-Second, FL-1, CUP-103, SH-2, R-2 | 05/02/2007 | BB | |||||
| BB 114 | 260.00 | 105.23 | 10/30/2022 | Books | MIET Library, Jammu | MIET Library, Jammu | BL-Second, FL-1, CUP-103, SH-2, R-2 | 05/02/2007 | BB | |||||
| BB 115 | 260.00 | 105.23 | 10/30/2022 | Books | MIET Library, Jammu | MIET Library, Jammu | BL-Second, FL-1, CUP-104, SH-2, R-2 | 05/02/2007 | BB | |||||
| BB 116 | 260.00 | 105.23 | 10/30/2022 | Books | MIET Library, Jammu | MIET Library, Jammu | BL-Second, FL-1, CUP-103, SH-2, R-2 | 05/02/2007 | BB | |||||
| BB 117 | 260.00 | 105.23 | 10/30/2022 | Books | MIET Library, Jammu | MIET Library, Jammu | BL-Second, FL-1, CUP-103, SH-2, R-2 | 05/02/2007 | BB |